| 000 | 00474nam a22001577a 4500 | ||
|---|---|---|---|
| 020 | _a9788120418004 | ||
| 041 | _aEnglish | ||
| 082 |
_a633 _bSRI/FI |
||
| 100 | _aSrinivasan Jeyaraman | ||
| 245 | _aField crops: production and management vol. II | ||
| 260 |
_aNew Delhi _bOxford & IBH Publishing Co. PVT.LTD _c2017 |
||
| 300 | _a584p. | ||
| 365 | _bRs.595/- (2vol.) | ||
| 650 | _aOilseeds, groundnut, sesame, cotton, sugarcane, fibre crops,aromatic crops, | ||
| 942 | _cBK | ||
| 999 |
_c252942 _d252942 |
||